000 00671nam a2200217Ia 4500
001 12454
003 GE_BSU
008 181216s||||||||xx |||||||||||||| ||und||
040 _cGE_BSU
080 _a633.511
100 _aТер-Аванесян,Д.В.
245 _aХлопчатник
245 _cРед.Г.А.Панькова
260 _aЛенинград
260 _bКолос
260 _c1973
300 _a482стр.22см.
300 _eуказатель латинских названии,русских названии растении, предметный указатель стр.190-195
653 _aХлопчатник
942 _cBK
999 _c45628
_d45628